Avatar I Answers Quiz Stats

Quiz not verified by Sporcle

Challenge
Share
Tweet
Embed
Score 0/13 Timer 03:00
0 Plays Today
Hint Answer % Correct
Name of both Zuko's uncle and his grandsonIroh
89.5%
Tenzin and Pema's second daughterIkki
84.2%
Zuko's daughterIzumi
73.7%
Zuko bought this dessert for Mai at the beachIce cream
68.4%
Water Tribe rite of passageIce dodging
68.4%
Ursa's childhood friend and second husbandIkem
63.2%
Type of bird owned by a pirate captainIguana parrot
54.4%
Azulon's wifeIlah
54.4%
Varrick's first nameIknik
45.6%
Eastern Air Temple nun who guided children in choosing their sky bisonIio
42.1%
Waterbending move used as defenseIceberg spike
28.1%
Waterbending weapon used in the Fire Nation invasionIce torpedo
24.6%
Animal hybrid on the outer islands of the Fire NationIguana seal
10.5%

You're not logged in!

Compare scores with friends on all Sporcle quizzes.
Join for Free
OR
Log In

You Might Also Like...

Show Comments

Extras

Created Mar 16, 2015ReportNominate
Tags:avatar, legend

Top Quizzes Today


Score Distribution

Your Account Isn't Verified!

In order to create a playlist on Sporcle, you need to verify the email address you used during registration. Go to your Sporcle Settings to finish the process.

Report this User

Report this user for behavior that violates our Community Guidelines.

Details: